书目信息 |
| 题名: |
遥感制图
|
|
| 作者: | 华瑞林 编著 | |
| 分册: | ||
| 出版信息: | 南京 南京大学出版社 1990.4 |
|
| 页数: | 265页 | |
| 开本: | 26cm | |
| 丛书名: | ||
| 单 册: | ||
| 中图分类: | P283.8 | |
| 科图分类: | ||
| 主题词: | 遥感成像--制图 , 地图学 | |
| 电子资源: | ||
| ISBN: | 7-305-00582-7 | |
| 000 | 00745nam 2200241 45 | |
| 001 | 0191015447 | |
| 005 | 20060421083826.78 | |
| 010 | @a7-305-00582-7@dCNY9.50 | |
| 100 | @a19910618d1990 em y0chiy0121 ea | |
| 101 | 0 | @achi |
| 102 | @aCN@b320000 | |
| 105 | @ay z 000yy | |
| 200 | 10 | @a遥感制图@AYAO GAN ZHI TU@f华瑞林编著@FHUA RUI LIN BIAN ZHU |
| 210 | @a南京@c南京大学出版社@d1990.4 | |
| 215 | @a265页@d26cm | |
| 330 | @a全书分上、下两篇。上篇为遥感导论与信息获取及其图像的制图评价,下篇为遥感图像(或数据)的制图处理与制图应用。 | |
| 540 | 1 | @a遥感 制图@AYAO GAN ZHI TU |
| 606 | @a遥感成像@x制图 | |
| 606 | 0 | @a地图学 |
| 690 | @aP283.8@v4 | |
| 701 | 0 | @a华瑞林@AHUA RUI LIN@4编著 |
| 801 | 0 | @aCN@bNLC@c20060421 |
| 905 | @dP283.8@e44 | |
| 遥感制图/华瑞林编著.-南京:南京大学出版社,1990.4 |
| 265页;26cm |
| ISBN 7-305-00582-7:CNY9.50 |
| 全书分上、下两篇。上篇为遥感导论与信息获取及其图像的制图评价,下篇为遥感图像(或数据)的制图处理与制图应用。 |
| ● |
| 相关链接 |
|
|
|
|
正题名:遥感制图
索取号:P283.8/44
 
预约/预借
| 序号 | 登录号 | 条形码 | 馆藏地/架位号 | 状态 | 备注 |
| 1 | 0234015 | 001328539 | 密集书库/ [索取号:P283.8/44] | 在馆 | |
| 2 | 0234016 | 202276278 | 密集书库/ [索取号:P283.8/44] | 在馆 | |
| 3 | 0234017 | 000625960 | 第三借阅区/ [索取号:P283.8/44] | 在馆 | |
| 4 | 0234018 | 000625951 | 第三借阅区/ [索取号:P283.8/44] | 在馆 | |
| 5 | 0234019 | 000625942 | 密集书库/ [索取号:P283.8/44] | 在馆 | |
| 6 | 0234020 | 000625979 | 密集书库/ [索取号:P283.8/44] | 在馆 | |
| 7 | 0234021 | 000625933 | 第三借阅区/ [索取号:P283.8/44] | 在馆 | |
| 8 | 0234022 | 202450196 | 第二样本阅览室/ [索取号:P283.8/44] | 在馆 |